000 00628nam a2200205 a 4500
005 20240426063851.0
008 030331s2000 mx r 000 0 spa d
020 _a8495212544
035 _aUPN01000123466
049 _aCG
050 4 _aLB1590
_bS2.3
100 1 _aSalvador Mata, Francisco de,
_d1944-
_929926
245 1 0 _aCómo prevenir las dificultades en la expresión escrita /
_cFrancisco Salvador Mata.
260 _aMálaga, Esp. :
_bAljibe,
_c2000.
300 _a156 p.
440 0 _aMonográficos Aljibe
650 4 _aEscritura
_xEstudio y enseñanza
_96154
650 2 _aExpresión escrita
_91524
905 _aLibro
999 _c95646
_d95646